Jurisdiction over Submerged Lands of the Open Sea. Legal and Historical Study Presenting the Position of Certain States and of the Federal Government in the Controversy over Control of Production and Development of the Mineral Resources of Submerged Areas of the Continental Shelf Adjacent to the Shores of the U.S. by Legislative Reference Service.

Bibliographic Details
Corporate Authors: United States. Congress. Senate. Committee on Interior and Insular Affairs, ProQuest (Firm)
Format: Government Document eBook
Language:English
Published: [Place of publication not identified] : [publisher not identified], 1951.
Series:U.S. Congressional Research.
Subjects:
Online Access:Connect to the full text of this electronic book

MARC

Tag First Indicator Second Indicator Subfields
LEADER 00000cam a22000001a 4500
001 in00003305021
006 m d f
007 cr bn mmmapmmp
008 100513s1951 dcu o f000 0 eng d
005 20260430192407.8
035 |a cis2007833807 
040 |a LexisNexis  |c LexisNexis  |d UtOrBLW 
043 |a n-us--- 
086 0 |a Y 4.In 8/13:L 23/7 
099 |a CMP-1951-IIA-0011 
110 1 |a United States.  |b Congress.  |b Senate.  |b Committee on Interior and Insular Affairs. 
245 1 0 |a Jurisdiction over Submerged Lands of the Open Sea. Legal and Historical Study Presenting the Position of Certain States and of the Federal Government in the Controversy over Control of Production and Development of the Mineral Resources of Submerged Areas of the Continental Shelf Adjacent to the Shores of the U.S. by Legislative Reference Service. 
264 1 |a [Place of publication not identified] :  |b [publisher not identified],  |c 1951. 
300 |a 1 online resource. 
336 |a text  |b txt  |2 rdacontent 
337 |a computer  |b c  |2 rdamedia 
338 |a online resource  |b cr  |2 rdacarrier 
500 |a Record is based on bibliographic data in LexisNexis U.S. Congressional Research Digital Collection (last viewed May 2010). Reuse except for individual research requires license from LexisNexis. 
500 |a Print. 
500 |a Electronic resource. 
650 0 |a Continental shelf. 
650 0 |a Federal government. 
650 0 |a Jurisdiction. 
655 7 |a Electronic books.  |2 local 
710 2 |a ProQuest (Firm) 
776 0 8 |i Microfiche version:   |a United States. Congress. Senate. Committee on Interior and Insular Affairs  |t Jurisdiction over Submerged Lands of the Open Sea. Legal and Historical Study Presenting the Position of Certain States and of the Federal Government in the Controversy over Control of Production and Development of the Mineral Resources of Submerged Areas of the Continental Shelf Adjacent to the Shores of the U.S. by Legislative Reference Service.  |o S1939 
830 0 |a U.S. Congressional Research. 
856 4 0 |u http://proxy.library.tamu.edu/login?url=https://congressional.proquest.com/congcomp/getdoc?CRDC-ID=CMP-1951-IIA-0011  |z Connect to the full text of this electronic book  |t 0 
999 |a MARS 
999 f f |s a2e4d7f1-df7c-32a5-acfb-0e951f6a807e  |i 945877c6-6268-3650-b584-99c15671b6e7  |t 0 
952 f f |a Texas A&M University  |b College Station  |c Electronic Resources  |s www_evans  |d Available Online  |t 0  |e CMP-1951-IIA-0011  |h Other scheme 
998 f f |a CMP-1951-IIA-0011  |t 0  |l Available Online